[Event "Aurora Spring op"]
[Site "Newmarket CAN"]
[Date "2019.03.31"]
[Round "4.2"]
[White "Plotkin, Victor"]
[Black "Li, William"]
[Result "1-0"]
[WhiteElo "2390"]
[BlackElo "2277"]
[PlyCount "127"]
[EventDate "2019.03.30"]
[EventType "swiss"]
[EventRounds "5"]
[EventCountry "CAN"]

1. Nf3 c5 2. c4 Nc6 3. Nc3 g6 4. g3 Bg7 5. Bg2 e5 6. d3 Nge7 7. a3 O-O 8. O-O
d6 9. Rb1 a5 10. e4 Rb8 11. Bd2 h6 12. h3 Be6 13. Kh2 Qd7 14. Qa4 b6 15. Nh4
Nd4 16. Qxd7 Bxd7 17. f4 f6 18. Nf3 Nxf3+ 19. Bxf3 Ra8 20. Bd1 a4 21. Nb5 Nc8
22. b3 axb3 23. Rxb3 Rf7 24. Bc1 Bf8 25. Bf3 Be6 26. Nc3 Kg7 27. Bg4 Bd7 28.
Bxd7 Rxd7 29. Nd5 Be7 30. Rxb6 Nxb6 31. Nxb6 Rda7 32. Nxa8 Rxa8 33. Rf2 Rb8 34.
Rb2 Ra8 35. Rb7 Kf7 36. Kg2 g5 37. Kf3 gxf4 38. gxf4 Rg8 39. fxe5 fxe5 40. Bxh6
Ke6 41. Be3 Rf8+ 42. Kg2 Rg8+ 43. Kh2 Rf8 44. Rb6 Kd7 45. Rb3 Rf3 46. Bg1 Kc7
47. Kg2 Rf8 48. a4 Rg8+ 49. Kh2 Bh4 50. a5 Bg3+ 51. Kh1 Ra8 52. Ra3 Be1 53. a6
Kb6 54. Be3 Ba5 55. Bg5 Bb4 56. Ra2 Ka7 57. h4 Rh8 58. Kg2 Be1 59. Kh3 Rb8 60.
Ra1 Bxh4 61. Kxh4 Rb3 62. Bd8 Rxd3 63. Bb6+ Ka8 64. Rf1 1-0

[Event "Aurora Spring op"]
[Site "Newmarket CAN"]
[Date "2019.03.31"]
[Round "4.3"]
[White "Guo, Josh"]
[Black "Zomorrodian, Eilia"]
[Result "1-0"]
[WhiteElo "2259"]
[BlackElo "2141"]
[PlyCount "83"]
[EventDate "2019.03.30"]
[EventType "swiss"]
[EventRounds "5"]
[EventCountry "CAN"]

1. d4 Nf6 2. Bf4 g6 3. Nc3 c5 4. d5 d6 5. e4 Bg7 6. Qd2 O-O 7. Bh6 Qb6 8. Bxg7
Kxg7 9. O-O-O Qa5 10. f4 b5 11. e5 Nfd7 12. exd6 exd6 13. Nxb5 Qb6 14. Nf3 Nf6
15. Qc3 Nbd7 16. Na3 Bb7 17. Bb5 Qc7 18. Nc4 Rad8 19. Ng5 Rfe8 20. Bxd7 Qxd7
21. Nxh7 Kxh7 22. Qxf6 Re4 23. b3 Re2 24. Rhe1 Rxe1 25. Rxe1 Bxd5 26. Re7 Qf5
27. Qxf5 gxf5 28. Ne3 Be6 29. Rxa7 d5 30. Rc7 d4 31. Nc4 d3 32. Rxc5 dxc2 33.
Kxc2 Bd5 34. Kc3 Kg6 35. g3 Be4 36. a4 Kh5 37. Rc7 f6 38. a5 Kg4 39. a6 Rh8 40.
Nd2 Bg2 41. b4 Rxh2 42. Rg7+ 1-0

[Event "Aurora Spring op"]
[Site "Newmarket CAN"]
[Date "2019.03.31"]
[Round "4.4"]
[White "Rusonik, Max"]
[Black "Kang, Dorian"]
[Result "1/2-1/2"]
[WhiteElo "2208"]
[BlackElo "2217"]
[PlyCount "116"]
[EventDate "2019.03.30"]
[EventType "swiss"]
[EventRounds "5"]
[EventCountry "CAN"]

1. e4 c5 2. Nf3 d6 3. d4 cxd4 4. Nxd4 Nf6 5. f3 g6 6. c4 Bg7 7. Nc3 Nc6 8. Be3
O-O 9. Be2 Bd7 10. Nc2 Be6 11. Qd2 Nd7 12. Rc1 a5 13. O-O Nc5 14. b3 b6 15.
Rfd1 Qb8 16. Nb5 Bd7 17. Ncd4 Rd8 18. Rb1 Nxd4 19. Nxd4 Qc7 20. a3 a4 21. b4
Nb3 22. Qe1 Nxd4 23. Bxd4 Bxd4+ 24. Rxd4 Be6 25. Rc1 Rac8 26. Rd2 Qa7 27. Qf2
Rc6 28. Rdc2 Rdc8 29. Bd3 R8c7 30. Qd4 Qa8 31. f4 f6 32. e5 dxe5 33. fxe5 f5
34. c5 bxc5 35. Rxc5 Rxc5 36. Rxc5 Rd7 37. Qc3 Qb7 38. Kf1 Kf7 39. Bc4 Bxc4+
40. Qxc4+ e6 41. Rc6 Re7 42. Qc5 Qd7 43. Rd6 Qb7 44. Qc6 Qa7 45. Qb6 Qa8 46.
Qc6 Qa7 47. Qb6 Qa8 48. Qc6 Qa7 49. Ke2 Qg1 50. Rd7 Qxh2 51. Rxe7+ Kxe7 52.
Qd6+ Kf7 53. Qd7+ Kf8 54. Qxe6 Qxg2+ 55. Kd3 Qe4+ 56. Kc3 Qe3+ 57. Kb2 Qd2+ 58.
Kb1 Qd1+ 1/2-1/2

[Event "Aurora Spring op"]
[Site "Newmarket CAN"]
[Date "2019.03.31"]
[Round "4.6"]
[White "Feng, Richard"]
[Black "Noritsyn, Sergey"]
[Result "0-1"]
[WhiteElo "2065"]
[BlackElo "2300"]
[PlyCount "88"]
[EventDate "2019.03.30"]
[EventType "swiss"]
[EventRounds "5"]
[EventCountry "CAN"]

1. e4 c5 2. Nf3 d6 3. d4 cxd4 4. Nxd4 Nf6 5. Nc3 a6 6. Bc4 e6 7. Bb3 Nbd7 8.
O-O Nc5 9. Re1 Be7 10. f4 O-O 11. e5 dxe5 12. fxe5 Nxb3 13. Nxb3 Qxd1 14. Rxd1
Ng4 15. Bf4 g5 16. Bg3 b5 17. Rd3 Bd8 18. Ne4 Bb6+ 19. Kh1 Bb7 20. Nbc5 Bd5 21.
h3 f5 22. exf6 Bxc5 23. Nxc5 Nxf6 24. Bd6 Rf7 25. Rf1 Bc4 26. Rxf6 Rxf6 27. Rg3
h6 28. Ne4 Rf1+ 29. Kh2 Bd5 30. Rg4 Bxe4 31. Rxe4 Kf7 32. Kg3 Rc8 33. c3 Rd8
34. Rd4 Rf5 35. Kg4 Rd5 36. Bc5 Rxd4+ 37. Bxd4 Kg6 38. Kf3 e5 39. Be3 Kf5 40.
g4+ Ke6 41. Ke2 Kd5 42. Kd3 Rf8 43. Kd2 Ke4 44. b3 Rf3 0-1

[Event "Aurora Spring op"]
[Site "Newmarket CAN"]
[Date "2019.03.31"]
[Round "4.7"]
[White "Ning, Eric"]
[Black "Chen, Max"]
[Result "0-1"]
[WhiteElo "2181"]
[BlackElo "2271"]
[PlyCount "78"]
[EventDate "2019.03.30"]
[EventType "swiss"]
[EventRounds "5"]
[EventCountry "CAN"]

1. d4 Nf6 2. c4 g6 3. Nc3 d5 4. cxd5 Nxd5 5. e4 Nxc3 6. bxc3 Bg7 7. Bc4 c5 8.
Ne2 O-O 9. Be3 Nc6 10. O-O Qc7 11. Rc1 Rd8 12. Bf4 Be5 13. Bxe5 Nxe5 14. Bb3
Ng4 15. Ng3 h5 16. h3 h4 17. hxg4 hxg3 18. fxg3 c4 19. Qf3 e5 20. Bc2 exd4 21.
cxd4 Rxd4 22. Qf2 Rd8 23. Kh2 Be6 24. Qf6 Rd2 25. Qc3 Rad8 26. Rf4 Qc5 27. e5
b5 28. a3 Kg7 29. g5 Rh8+ 30. Rh4 Qf2 31. Be4 Rxh4+ 32. gxh4 Qxh4+ 33. Kg1 Qf2+
34. Kh1 Rd4 35. Qf3 Qh4+ 36. Kg1 Qxe4 37. Qf6+ Kg8 38. Rf1 Qe3+ 39. Rf2 Rd2 0-1

[Event "Aurora Spring op"]
[Site "Newmarket CAN"]
[Date "2019.03.31"]
[Round "5.2"]
[White "Plotkin, Victor"]
[Black "Cummings, David"]
[Result "1/2-1/2"]
[WhiteElo "2390"]
[BlackElo "2395"]
[PlyCount "77"]
[EventDate "2019.03.30"]
[EventType "swiss"]
[EventRounds "5"]
[EventCountry "CAN"]

1. d4 Nf6 2. Nf3 d5 3. c4 e6 4. Nc3 a6 5. cxd5 exd5 6. Bg5 Be6 7. e3 Nbd7 8.
Bd3 Bd6 9. Qc2 c6 10. O-O Qc7 11. e4 dxe4 12. Nxe4 Nxe4 13. Bxe4 h6 14. Bh4 O-O
15. Rfe1 Rfe8 16. Bg3 Bxg3 17. hxg3 Nf6 18. Bf5 Qd7 19. Bxe6 Rxe6 20. Rxe6 Qxe6
21. a3 Re8 22. Qc3 Qd5 23. Re1 Rxe1+ 24. Qxe1 Qf5 25. Qe2 Qb1+ 26. Ne1 Ne4 27.
Kf1 a5 28. Qd3 Qxd3+ 29. Nxd3 Kf8 30. Ke2 Ke7 31. Ne5 a4 32. Nc4 b5 33. Ne5 Kd6
34. Nxf7+ Kd5 35. Ke3 Nf6 36. Kd3 Ne4 37. Ke3 Nf6 38. Kd3 Ne4 39. Ke3 1/2-1/2

[Event "Aurora Spring op"]
[Site "Newmarket CAN"]
[Date "2019.03.31"]
[Round "5.3"]
[White "Noritsyn, Sergey"]
[Black "Guo, Josh"]
[Result "1/2-1/2"]
[WhiteElo "2300"]
[BlackElo "2259"]
[PlyCount "65"]
[EventDate "2019.03.30"]
[EventType "swiss"]
[EventRounds "5"]
[EventCountry "CAN"]

1. e4 c5 2. Nf3 d6 3. Bb5+ Bd7 4. Bxd7+ Qxd7 5. O-O g6 6. c3 Bg7 7. d4 Nf6 8.
Qe2 cxd4 9. cxd4 O-O 10. Nc3 e6 11. Rd1 d5 12. e5 Ne8 13. h4 Nc6 14. h5 a6 15.
g3 f6 16. Kg2 fxe5 17. dxe5 Rf5 18. Bf4 Qf7 19. Rh1 Nc7 20. Rh3 d4 21. Ne4 Rxf4
22. Neg5 Qf5 23. gxf4 Nd5 24. Rh4 Nxf4+ 25. Rxf4 Qxf4 26. Kh1 Nxe5 27. Rg1 Nxf3
28. Qxe6+ Kh8 29. Nf7+ Kg8 30. Ne5+ Kh8 31. Nf7+ Kg8 32. Ng5+ Kh8 33. Nf7+
1/2-1/2

[Event "Aurora Spring op"]
[Site "Newmarket CAN"]
[Date "2019.03.31"]
[Round "5.4"]
[White "Li, William"]
[Black "Rusonik, Max"]
[Result "1/2-1/2"]
[WhiteElo "2277"]
[BlackElo "2208"]
[PlyCount "48"]
[EventDate "2019.03.30"]
[EventType "swiss"]
[EventRounds "5"]
[EventCountry "CAN"]

1. d4 Nf6 2. c4 c5 3. d5 b5 4. cxb5 a6 5. bxa6 Bxa6 6. Nc3 g6 7. e4 Bxf1 8.
Kxf1 d6 9. g3 Bg7 10. Kg2 O-O 11. Nge2 Nbd7 12. Qc2 Qa5 13. Bd2 Rfb8 14. Rhb1
Ne5 15. b3 Qa6 16. Nc1 Nfd7 17. a4 Rc8 18. Ra3 h5 19. Bg5 Kf8 20. Qd2 Bh8 21.
Bh6+ Kg8 22. Bg5 Kf8 23. Bh6+ Kg8 24. Bg5 Kf8 1/2-1/2

[Event "Aurora Spring op"]
[Site "Newmarket CAN"]
[Date "2019.03.31"]
[Round "5.5"]
[White "Chen, Max"]
[Black "Zomorrodian, Eilia"]
[Result "1/2-1/2"]
[WhiteElo "2271"]
[BlackElo "2141"]
[PlyCount "102"]
[EventDate "2019.03.30"]
[EventType "swiss"]
[EventRounds "5"]
[EventCountry "CAN"]

1. e4 Nf6 2. e5 Nd5 3. d4 d6 4. exd6 cxd6 5. c4 Nb6 6. d5 g6 7. Qd4 Rg8 8. Qh4
h5 9. Nc3 Bg7 10. Bd2 Bf6 11. Qf4 N8d7 12. Nf3 Nc5 13. Rc1 Bf5 14. Qe3 g5 15.
b4 Na6 16. Ne4 Bxe4 17. Qxe4 Qd7 18. Bd3 Qg4 19. Qxg4 hxg4 20. Ng1 Rc8 21. Rc2
e6 22. dxe6 fxe6 23. Ne2 Rg7 24. O-O Rgc7 25. Rfc1 Nd7 26. Ng3 Ne5 27. Be2 d5
28. c5 Nb8 29. Re1 Nbc6 30. Bb5 Kf7 31. Bxc6 Nxc6 32. Nf1 Ne5 33. Ne3 b6 34.
cxb6 axb6 35. Rec1 Rxc2 36. Rxc2 Rxc2 37. Nxc2 Nc4 38. Bc1 b5 39. Kf1 e5 40.
Ke2 Ke6 41. Ne3 Nxe3 42. fxe3 e4 43. Kd1 Be5 44. g3 Kf6 45. Kc2 d4 46. Kb3 d3
47. Bd2 Ke6 48. a4 bxa4+ 49. Kxa4 Kd5 50. Kb3 Bb8 51. Bc1 Be5 1/2-1/2

[Event "Aurora Spring op"]
[Site "Newmarket CAN"]
[Date "2019.03.31"]
[Round "5.6"]
[White "Kang, Dorian"]
[Black "Oganesyan, Hayk"]
[Result "1-0"]
[WhiteElo "2217"]
[BlackElo "2190"]
[PlyCount "63"]
[EventDate "2019.03.30"]
[EventType "swiss"]
[EventRounds "5"]
[EventCountry "CAN"]

1. e4 e5 2. Nf3 Nc6 3. Bc4 Bc5 4. c3 Nf6 5. d3 d6 6. Bb3 Bb6 7. O-O h6 8. Nbd2
O-O 9. h3 Be6 10. Bc2 Nh7 11. Re1 f5 12. exf5 Bxf5 13. Ne4 Nf6 14. Ng3 Bh7 15.
d4 exd4 16. cxd4 d5 17. Bxh7+ Nxh7 18. Nh5 Nf6 19. Nf4 Re8 20. Be3 Qd6 21. Qd3
Rad8 22. a3 Ne4 23. b4 Rf8 24. b5 Ne7 25. Ne5 Nf5 26. a4 Bxd4 27. Bxd4 Nxd4 28.
Nfg6 Rf6 29. Qxd4 Rxg6 30. Nxg6 Qxg6 31. Rad1 c6 32. Rxe4 1-0

[Event "Aurora Spring op"]
[Site "Newmarket CAN"]
[Date "2019.03.31"]
[Round "5.7"]
[White "Ning, Eric"]
[Black "Feng, Richard"]
[Result "1-0"]
[WhiteElo "2181"]
[BlackElo "2065"]
[PlyCount "89"]
[EventDate "2019.03.30"]
[EventType "swiss"]
[EventRounds "5"]
[EventCountry "CAN"]

1. d4 f5 2. g3 Nf6 3. Bg2 g6 4. Nh3 Bg7 5. Nf4 d6 6. Nc3 c6 7. O-O O-O 8. d5
Qe8 9. Re1 Na6 10. e4 Nxe4 11. Nxe4 fxe4 12. Bxe4 Nc5 13. Bg2 Bd7 14. c3 Qf7
15. Be3 Na6 16. Qb3 Rfb8 17. dxc6 Bxc6 18. Bxc6 bxc6 19. Qa4 Nc5 20. Bxc5 dxc5
21. Qxc6 Rc8 22. Qe4 Rab8 23. Re2 Rd8 24. Ne6 Rdc8 25. Nxg7 Qxg7 26. Qd5+ Qf7
27. Qd7 e6 28. Qxf7+ Kxf7 29. Rd1 Ke7 30. b3 a5 31. Re4 c4 32. Rde1 cxb3 33.
Rxe6+ Kf8 34. axb3 Rxb3 35. Ra6 Ra3 36. Re5 a4 37. Re4 Ra1+ 38. Kg2 Rxc3 39.
Raxa4 Rd1 40. Ra7 Rd2 41. Rxh7 Rcc2 42. Rf4+ Kg8 43. Rhf7 g5 44. Rf3 Re2 45.
R7f5 1-0

[Event "Aurora Spring op U1700"]
[Site "Aurora CAN"]
[Date "2019.03.30"]
[Round "1"]
[White "Yao, Henry"]
[Black "Armstrong, Robert J"]
[Result "1-0"]
[WhiteElo "1278"]
[BlackElo "1447"]
[PlyCount "89"]
[EventDate "2019.03.30"]
[EventType "swiss"]
[EventRounds "5"]
[EventCountry "CAN"]

1. e4 g6 2. d4 Bg7 3. Nf3 c5 4. d5 Qa5+ 5. Bd2 Qa4 6. Bd3 Bxb2 7. Nc3 Qa5 8.
Nb5 Qd8 9. Rb1 Bg7 10. e5 a6 11. Na3 b5 12. O-O d6 13. Re1 dxe5 14. Nxe5 Nf6
15. c4 b4 16. Nc2 O-O 17. Bf1 Nh5 18. Qc1 e6 19. dxe6 Bxe6 20. Bh6 Ra7 21. Bxg7
Kxg7 22. Qe3 Qa5 23. Nxb4 Rc7 24. Nd5 Bxd5 25. cxd5 Qxa2 26. Bc4 Qa4 27. Qc3
Kg8 28. Ng4 f6 29. d6+ Rcf7 30. Nh6+ Kg7 31. Nxf7 Nc6 32. Ng5 Kh6 33. Nf7+ Kg7
34. d7 Rxf7 35. Bxf7 Kxf7 36. Qb3+ Qxb3 37. Rxb3 Nf4 38. Rb7 Nd8 39. Rb8 Nfe6
40. Rxe6 Nxe6 41. d8=Q Nxd8 42. Rxd8 Ke6 43. Kf1 c4 44. Ke2 Ke5 45. Kd2 1-0

[Event "Aurora Spring op U1700"]
[Site "Aurora CAN"]
[Date "2019.03.30"]
[Round "2"]
[White "Armstrong, Robert J"]
[Black "Mussa, Mahmoud"]
[Result "1-0"]
[WhiteElo "1447"]
[BlackElo "1355"]
[PlyCount "45"]
[EventDate "2019.03.30"]
[EventType "swiss"]
[EventRounds "5"]
[EventCountry "CAN"]

1. d4 d6 2. c4 Nf6 3. Nc3 g6 4. e4 Bg7 5. f3 O-O 6. Nge2 e5 7. d5 Na6 8. g4 c6
9. Ng3 cxd5 10. cxd5 Nc7 11. h4 h5 12. gxh5 Nxh5 13. Nxh5 gxh5 14. Bd3 f5 15.
Bg5 Bf6 16. Rg1 Kf7 17. f4 Rh8 18. Qf3 fxe4 19. Nxe4 Bg4 20. Rxg4 hxg4 21. Qxg4
Rg8 22. Nxf6 Qxf6 23. Qd7+ 1-0

[Event "Banff op"]
[Site "Banff CAN"]
[Date "2019.11.09"]
[Round "1.1"]
[White "Banerjee, Bitan"]
[Black "Cannon, Richard"]
[Result "1-0"]
[WhiteElo "2499"]
[BlackElo "2000"]
[PlyCount "47"]
[EventDate "2019.11.09"]
[EventType "swiss"]
[EventRounds "6"]
[EventCountry "CAN"]

1. d4 Nf6 2. c4 d6 3. Nc3 Nbd7 4. e4 e5 5. Nge2 Be7 6. h3 c6 7. Be3 a6 8. d5 c5
9. Ng3 Nf8 10. Nf5 Bxf5 11. exf5 h5 12. g3 Qd7 13. Bd3 Bd8 14. f4 Qe7 15. fxe5
Qxe5 16. Kd2 Qxg3 17. Qf1 N6h7 18. Rg1 Qh4 19. Bf4 Kd7 20. Ne4 Nf6 21. Ng5 Rg8
22. Kc2 Bc7 23. Bd2 Re8 24. Nf3 1-0

[Event "Banff op"]
[Site "Banff CAN"]
[Date "2019.11.09"]
[Round "1.2"]
[White "Wang, Paul"]
[Black "Zhao, Ian"]
[Result "1/2-1/2"]
[WhiteElo "1993"]
[BlackElo "2402"]
[PlyCount "60"]
[EventDate "2019.11.09"]
[EventType "swiss"]
[EventRounds "6"]
[EventCountry "CAN"]

1. e4 e5 2. Nf3 Nc6 3. Bc4 Bc5 4. c3 Nf6 5. d3 d6 6. h3 h6 7. Bb3 a6 8. O-O Ba7
9. Re1 g5 10. d4 g4 11. hxg4 Bxg4 12. Be3 Qe7 13. d5 Bxe3 14. Rxe3 Na5 15. Nbd2
Nxb3 16. Qxb3 O-O-O 17. c4 Rdg8 18. Rc1 Nd7 19. Qc3 Kb8 20. b4 f5 21. c5 Nf8
22. b5 fxe4 23. bxa6 Bxf3 24. Nxf3 exf3 25. Qb3 Rxg2+ 26. Kf1 c6 27. Rxf3 Rhg8
28. cxd6 Qh7 29. dxc6 Rg1+ 30. Ke2 Qe4+ 1/2-1/2

[Event "Banff op"]
[Site "Banff CAN"]
[Date "2019.11.09"]
[Round "1.3"]
[White "Ginsburg, Mark"]
[Black "Pivovarov, Juraj"]
[Result "1-0"]
[WhiteElo "2395"]
[BlackElo "1991"]
[PlyCount "69"]
[EventDate "2019.11.09"]
[EventType "swiss"]
[EventRounds "6"]
[EventCountry "CAN"]

1. Nf3 d5 2. d4 f5 3. c4 c6 4. g3 Nf6 5. Bg2 e6 6. O-O Bd6 7. b3 O-O 8. Bb2
Nbd7 9. Nbd2 Ne4 10. Ne5 Ndf6 11. f3 Ng5 12. e3 Nf7 13. Qe2 Qc7 14. Nxf7 Rxf7
15. e4 Bb4 16. e5 Nd7 17. f4 Bxd2 18. Qxd2 b6 19. Rfc1 Qd8 20. cxd5 cxd5 21.
Ba3 Bb7 22. Bd6 Nb8 23. Rc3 Nc6 24. b4 Rc8 25. Rac1 Rd7 26. Bf1 a5 27. Bb5 axb4
28. R3c2 Rxd6 29. exd6 Qxd6 30. Bxc6 Rxc6 31. Rxc6 Bxc6 32. Rb1 Bb5 33. Qxb4
Qxb4 34. Rxb4 Bc4 35. a4 1-0

[Event "Banff op"]
[Site "Banff CAN"]
[Date "2019.11.09"]
[Round "1.4"]
[White "Koperski, Dustin"]
[Black "Hartman, Brian"]
[Result "0-1"]
[WhiteElo "1959"]
[BlackElo "2374"]
[PlyCount "64"]
[EventDate "2019.11.09"]
[EventType "swiss"]
[EventRounds "6"]
[EventCountry "CAN"]

1. e4 c5 2. d4 cxd4 3. c3 dxc3 4. Nxc3 Nc6 5. Nf3 d6 6. Bc4 e6 7. O-O a6 8. Qe2
Nge7 9. Bg5 h6 10. Be3 b5 11. Bb3 Ng6 12. Rfd1 Be7 13. Rac1 Na5 14. e5 Nxb3 15.
axb3 d5 16. Ne4 O-O 17. Nc5 Re8 18. Ne4 a5 19. Nc5 Bd7 20. Nxd7 Qxd7 21. Bc5
Rec8 22. Bxe7 Nxe7 23. Nd4 Nc6 24. Nf3 b4 25. Rc2 Ne7 26. Rdc1 a4 27. bxa4 Qxa4
28. Rxc8+ Rxc8 29. Rxc8+ Nxc8 30. h3 Nb6 31. Qd3 Qa1+ 32. Kh2 Nc4 0-1

[Event "Banff op"]
[Site "Banff CAN"]
[Date "2019.11.09"]
[Round "1.5"]
[White "Findlay, Ian"]
[Black "Daniluk, Jim"]
[Result "1-0"]
[WhiteElo "2362"]
[BlackElo "1922"]
[PlyCount "109"]
[EventDate "2019.11.09"]
[EventType "swiss"]
[EventRounds "6"]
[EventCountry "CAN"]

1. e4 c5 2. Nf3 Nc6 3. d4 cxd4 4. Nxd4 Nf6 5. Nc3 e5 6. Ndb5 d6 7. Bg5 a6 8.
Na3 b5 9. Nd5 Be7 10. Bxf6 Bxf6 11. c3 Rb8 12. Nc2 Bg5 13. g3 O-O 14. Bg2 Ne7
15. h4 Bh6 16. Nce3 Bxe3 17. Nxe3 f5 18. exf5 Nxf5 19. Qd2 Nxe3 20. Qxe3 Bb7
21. O-O Bxg2 22. Kxg2 Qb6 23. Qe4 Qb7 24. Qxb7 Rxb7 25. Rfd1 Rf6 26. Rd2 Kf7
27. a4 b4 28. c4 b3 29. Rad1 Ke7 30. Rd5 Re6 31. R1d3 Rb4 32. c5 e4 33. cxd6+
Kd7 34. R3d4 Rxd4 35. Rxd4 Rxd6 36. Rxe4 Rd2 37. Rb4 Rxb2 38. Rb6 Kc7 39. a5
Ra2 40. Rxa6 Ra4 41. Rb6 Rxa5 42. Rxb3 Rd5 43. Ra3 Kb7 44. Rc3 Rd6 45. Kf3 Rf6+
46. Ke3 Rd6 47. Ke4 Re6+ 48. Kd5 Re7 49. Kd6 Rf7 50. f4 Rf6+ 51. Ke7 Rg6 52.
Kf7 Rg4 53. h5 h6 54. Ke6 Kb8 55. Kf5 1-0

[Event "Banff op"]
[Site "Banff CAN"]
[Date "2019.11.09"]
[Round "1.6"]
[White "Matras-Clement, Agnieszka"]
[Black "Dave, Bhavik"]
[Result "0-1"]
[WhiteElo "2351"]
[BlackElo "1917"]
[Annotator ",Hugh"]
[PlyCount "81"]
[EventDate "2019.11.09"]
[EventType "swiss"]
[EventRounds "6"]
[EventCountry "CAN"]

1. d4 d5 2. Nf3 Nf6 3. c4 c6 4. Nc3 dxc4 5. a4 Bf5 6. e3 e6 7. Bxc4 Bb4 8. Bd2
Nbd7 9. Qe2 O-O 10. O-O Bg6 11. Bd3 Bh5 12. e4 e5 13. d5 Bxc3 14. Bxc3 cxd5 15.
h3 d4 16. Bd2 Bxf3 17. Qxf3 Nc5 18. Bg5 Nxd3 19. Qxd3 Qd6 20. f4 Nd7 21. Rad1
Nc5 22. fxe5 Qxe5 23. Qxd4 Qxd4+ 24. Rxd4 Rfe8 25. Re1 h6 26. Bh4 Re6 27. Bg3
Rae8 28. e5 f6 29. Rd5 Nxa4 30. Ra5 Nxb2 31. Rb1 Nc4 32. Rxa7 b6 33. exf6 Rxf6
34. Rd1 Rg6 35. Bf2 Ne3 36. Bxe3 Rxe3 37. Rd2 Rxh3 38. Rb2 Rc3 39. Rb7 Rcc6 40.
Kf2 Kh7 41. Kf3 {The rest of the moves are unreadable.} 0-1

[Event "Banff op"]
[Site "Banff CAN"]
[Date "2019.11.09"]
[Round "2.2"]
[White "Patterson, Roger"]
[Black "Ginsburg, Mark"]
[Result "0-1"]
[WhiteElo "2113"]
[BlackElo "2395"]
[PlyCount "56"]
[EventDate "2019.11.09"]
[EventType "swiss"]
[EventRounds "6"]
[EventCountry "CAN"]

1. c4 g6 2. Nc3 Bg7 3. g3 Nf6 4. Bg2 O-O 5. e4 c5 6. Nge2 Nc6 7. O-O d6 8. d3
a6 9. a3 Nd4 10. Nxd4 cxd4 11. Ne2 e5 12. Bd2 b5 13. cxb5 axb5 14. Rc1 Be6 15.
h3 d5 16. f4 dxe4 17. fxe5 Nd5 18. Nf4 e3 19. Bb4 Re8 20. Nxd5 Bxd5 21. Bxd5
Qxd5 22. Rc5 Qb7 23. Qg4 Bxe5 24. Rxe5 Rxe5 25. Qxd4 Qd5 26. Qf4 Rae8 27. g4 e2
28. Re1 Qxd3 0-1

[Event "Banff op"]
[Site "Banff CAN"]
[Date "2019.11.09"]
[Round "2.3"]
[White "Hartman, Brian"]
[Black "Vasic, Maxim"]
[Result "0-1"]
[WhiteElo "2374"]
[BlackElo "2083"]
[PlyCount "106"]
[EventDate "2019.11.09"]
[EventType "swiss"]
[EventRounds "6"]
[EventCountry "CAN"]

1. e4 e5 2. Nf3 Nc6 3. Bb5 a6 4. Ba4 Nf6 5. O-O b5 6. Bb3 Nxe4 7. d4 d5 8. dxe5
Be6 9. Be3 Bc5 10. Re1 O-O 11. c3 Qd7 12. Nbd2 Bxe3 13. Rxe3 Nc5 14. Bc2 d4 15.
Bxh7+ Kxh7 16. Ng5+ Kg8 17. Qh5 Rfe8 18. Qh7+ Kf8 19. cxd4 Nxd4 20. Qh8+ Ke7
21. Qxg7 Kd8 22. Nde4 Nxe4 23. Nxe4 Nf5 24. Qg5+ Qe7 25. Rd3+ Kc8 26. Qd2 Bc4
27. Nf6 Bxd3 28. Qxd3 Ng7 29. Nxe8 Qxe8 30. Qe4 Rb8 31. Rc1 Ne6 32. f4 Qd7 33.
h4 Qd4+ 34. Qxd4 Nxd4 35. Kf2 Kb7 36. g4 Re8 37. g5 Rh8 38. Rh1 c5 39. h5 Kc6
40. Kg3 b4 41. b3 Kd5 42. Kg4 a5 43. h6 a4 44. bxa4 c4 45. f5 Kxe5 46. h7 Nxf5
47. Re1+ Kd4 48. Kxf5 Rxh7 49. Kf6 c3 50. a5 c2 51. a6 Kd3 52. a7 Rh8 53. Kxf7
Ra8 0-1

[Event "Banff op"]
[Site "Banff CAN"]
[Date "2019.11.09"]
[Round "2.4"]
[White "Chandra, Anand"]
[Black "Findlay, Ian"]
[Result "1-0"]
[WhiteElo "2062"]
[BlackElo "2362"]
[Annotator ",Hugh"]
[PlyCount "79"]
[EventDate "2019.11.09"]
[EventType "swiss"]
[EventRounds "6"]
[EventCountry "CAN"]

1. e4 c5 2. Nf3 d6 3. Bb5+ Nc6 4. c3 Nf6 5. Bd3 g6 6. O-O Bg7 7. Bc2 O-O 8. h3
b5 9. a3 Bb7 10. Re1 e5 11. d3 d5 12. Qe2 Re8 13. Nbd2 d4 14. c4 a6 15. b3 Nh5
16. Nf1 Nf4 17. Bxf4 exf4 18. Qd2 Qd6 19. Rab1 Rad8 20. b4 cxb4 21. axb4 bxc4
22. dxc4 d3 23. c5 Qf6 24. Bb3 Nd4 25. Nxd4 Rxd4 26. f3 h5 27. Qa2 Bc8 28. Bd1
Re5 29. Qf2 d2 30. Nxd2 Rg5 31. h4 Rg3 32. e5 Qxh4 33. Qxd4 Rxg2+ 34. Kxg2 Bh3+
35. Kh2 Bf5+ 36. Kg1 Qg3+ 37. Kf1 Qh3+ 38. Kg1 Qg3+ 39. Kf1 h4 40. Qg1 {
The rest of the moves are unreadable.} 1-0

[Event "Banff op"]
[Site "Banff CAN"]
[Date "2019.11.10"]
[Round "3.1"]
[White "Banerjee, Bitan"]
[Black "Arruebarrena, Rafael"]
[Result "1-0"]
[WhiteElo "2499"]
[BlackElo "2329"]
[PlyCount "83"]
[EventDate "2019.11.09"]
[EventType "swiss"]
[EventRounds "6"]
[EventCountry "CAN"]

1. c4 e5 2. Nc3 Nf6 3. Nf3 Nc6 4. g3 d5 5. cxd5 Nxd5 6. Bg2 Nb6 7. O-O Be7 8.
a3 O-O 9. b4 Be6 10. Rb1 f6 11. d3 Qd7 12. Ne4 Nd5 13. Qc2 Kh8 14. Rd1 Rfd8 15.
Bb2 Bf8 16. d4 Nxd4 17. Nxd4 exd4 18. Rxd4 Qe8 19. Rbd1 c6 20. h4 Rd7 21. Bf3
Rad8 22. h5 h6 23. Nc5 Bxc5 24. Qxc5 a6 25. a4 Qe7 26. Qxe7 Nxe7 27. e4 Kg8 28.
Be2 Kf7 29. g4 Rxd4 30. Rxd4 Rxd4 31. Bxd4 Bb3 32. a5 Nc8 33. Bc5 Ke6 34. g5
Nd6 35. g6 f5 36. exf5+ Nxf5 37. Bg4 Ke5 38. Kg2 Kf4 39. Kh3 Be6 40. Bxf5 Bxf5+
41. Kh4 Ke5 42. Be3 1-0

[Event "Banff op"]
[Site "Banff CAN"]
[Date "2019.11.10"]
[Round "3.2"]
[White "Ginsburg, Mark"]
[Black "Wiebe, Isaac"]
[Result "1-0"]
[WhiteElo "2395"]
[BlackElo "2239"]
[PlyCount "45"]
[EventDate "2019.11.09"]
[EventType "swiss"]
[EventRounds "6"]
[EventCountry "CAN"]

1. Nf3 d5 2. d4 Nf6 3. c4 dxc4 4. e3 Bg4 5. Bxc4 e6 6. Nc3 a6 7. h3 Bh5 8. g4
Bg6 9. Ne5 Nfd7 10. Nxg6 hxg6 11. Bf1 c5 12. d5 exd5 13. Bg2 d4 14. exd4 cxd4
15. Qxd4 Nc6 16. Bxc6 bxc6 17. Be3 Be7 18. O-O-O Bf6 19. Qe4+ Qe7 20. Qxc6 Rb8
21. Ba7 Rd8 22. Rhe1 Be5 23. Nd5 1-0

[Event "Banff op"]
[Site "Banff CAN"]
[Date "2019.11.10"]
[Round "3.3"]
[White "Vasic, Maxim"]
[Black "Matras-Clement, Agnieszka"]
[Result "0-1"]
[WhiteElo "2083"]
[BlackElo "2351"]
[PlyCount "76"]
[EventDate "2019.11.09"]
[EventType "swiss"]
[EventRounds "6"]
[EventCountry "CAN"]

1. d4 d5 2. c4 c6 3. Nf3 Nf6 4. Nc3 dxc4 5. a4 Bf5 6. Ne5 Na6 7. f3 Nd7 8. Nxc4
e5 9. e4 exd4 10. exf5 dxc3 11. Qe2+ Be7 12. Nd6+ Kf8 13. Ne4 cxb2 14. Bxb2
Qa5+ 15. Kf2 Qxf5 16. Qd2 Nac5 17. Re1 Nxe4+ 18. Rxe4 Bc5+ 19. Ke1 Nf6 20. Bxf6
Qxf6 21. Bd3 Qa1+ 22. Qd1 Qxd1+ 23. Kxd1 Rd8 24. Kc2 g6 25. Rb1 b6 26. Rc4 Kg7
27. Rxc5 bxc5 28. Rb7 Rb8 29. Rxa7 Ra8 30. Rb7 Rxa4 31. Kc3 Rha8 32. Bc4 R8a7
33. Rb6 Rb4 34. Rxb4 cxb4+ 35. Kxb4 Rb7+ 36. Kc5 Rb2 37. g4 Rxh2 38. Kxc6 Rd2
0-1

[Event "Banff op"]
[Site "Banff CAN"]
[Date "2019.11.10"]
[Round "4.2"]
[White "Valencia, Belsar"]
[Black "Ginsburg, Mark"]
[Result "1/2-1/2"]
[WhiteElo "2348"]
[BlackElo "2395"]
[PlyCount "20"]
[EventDate "2019.11.09"]
[EventType "swiss"]
[EventRounds "6"]
[EventCountry "CAN"]

1. Nf3 g6 2. d4 Bg7 3. c4 d6 4. g3 Nf6 5. Nc3 O-O 6. Bg2 Nbd7 7. O-O a6 8. h3
Rb8 9. a4 c5 10. d5 Ne8 1/2-1/2